| 000 | 00730cam a22002053a 4500 | ||
|---|---|---|---|
| 001 | 45231 | ||
| 003 | PGUSA | ||
| 005 | 20140828084032.0 | ||
| 008 | 140327s2014||||xxu|||||s|||||000 | eng d | ||
| 040 |
_aPGUSA _beng |
||
| 042 | _adc | ||
| 100 | 1 | _aHorstmann, Henry C. | |
| 245 | 1 | 0 |
_aMotion Picture Operation, Stage Electrics and Illusions : _bA Practical Hand-book and Guide for Theater Electricians, Motion Picture Operators and Managers of Theaters and Productions _h[electronic resource] / _cHenry C. Horstmann |
| 260 |
_bProject Gutenberg, _c2014 |
||
| 506 | _aPublic domain in the USA. | ||
| 516 | _aElectronic text | ||
| 830 | 0 |
_aProject Gutenberg _v45231 |
|
| 856 | 4 | 0 | _uhttp://www.gutenberg.org/ebooks/45231 |
| 942 | _cEB | ||
| 999 |
_c274482 _d274482 |
||